000 01432cam a2200337 a 4500
001 1968
003 FISKH
005 20231023104447.0
008 050113s2005 nyuab j 001 0 eng
010 _a 2005001099
020 _a0778720438 (alk. paper)
020 _a077872073X (pbk. : alk. paper)
020 _a9780778720430
020 _a9780778720737
035 _a(OCoLC)ocm57475868
040 _aDLC
_cDLC
_dVP@
_dBAKER
_dC#P
_dJP3
_dDLC
_beng
043 _af------
050 0 0 _aDT24
_b.R53 2005
082 0 0 _a960/.1
_222
100 1 _aRichardson, Hazel.
245 1 0 _aLife in Ancient Africa /
_cHazel Richardson.
260 _aNew York :
_bCrabtree,
_c2005.
300 _a29 pages :
_bcol. ill., col. map ;
_c28 cm
440 0 _aPeoples of the ancient world
520 _aFrom the first hunting and gathering societies to the great Nubian kingdoms of Kush, Africa has for centuries been the center of great cultural activity across its mountains, deserts, and rainforests. Life in Ancient Africa portrays the major civilizations of the ancient African era using maps and beautiful full-color photographs and illustrations.
521 8 _a1060
_bLexile IG
651 0 _aAfrica
_xHistory
_yTo 1498
_vJuvenile literature.
906 _a7
_bcbc
_corignew
_d1
_eecip
_f20
_gy-gencatlg
942 _2ddc
_cBK
_n0
999 _c1968
_d1968